Roman Military Ranks - Statistics

General Stats
  • This quiz has been taken 396 times
  • The average score is 3 of 15
Answer Stats
Hint Answer % Correct
First Lieutenant Centurio
89%
Brigadier Legatus legionis
41%
Sergeant Major Optio
30%
Private Miles gregarius
26%
Major General Praetor
26%
Lieutenant General Consul
22%
Senior Captain Primus pilus
19%
Colonel Praefectus
18%
Second Lieutenant Decurio
17%
Sergeant Tesserarius
11%
Corporal Aquilifer
10%
Senior Colonel Tribunus laticlavius
6%
Captain Primi ordines
5%
Major Praefectus castrorium
4%
Lieutenant Colonel Tribunus angusticlavius
3%
No matching quizzes found
Score Distribution
Percent of People with Each Score
Percentile by Number Answered
Your Score History
You have not taken this quiz